[Event "Politiken Cup 2008"]
[Site "Helsingør DEN"]
[Date "2008.07.20"]
[Round "2.75"]
[White "Eriksson, Magnus"]
[Black "Haubro, Martin"]
[Result "1-0"]
[WhiteElo "2163"]
[BlackElo "1747"]
[PlyCount "151"]
[EventDate "2008.07.20"]
[EventType "swiss"]
[EventRounds "9"]
[EventCountry "DEN"]
[Source "lmi"]
[SourceDate "2008.07.20"]
[WhiteTeam "Horndal"]
[BlackTeam "BMS"]

1. d4 d5 2. c4 e6 3. Nc3 f5 4. Nf3 Nf6 5. Bg5 c6 6. e3 Bd6 7. Qc2 O-O 8. Bd3
Qd7 9. h3 Ne4 10. Bf4 Bxf4 11. exf4 Qc7 12. Ne5 Na6 13. a3 Qa5 14. O-O Qd8 15.
b4 Nb8 16. Ne2 Qh4 17. b5 Qh6 18. cxd5 exd5 19. bxc6 Nxc6 20. f3 Nxe5 21. dxe5
Qb6+ 22. Kh2 Nc5 23. Rab1 Qc7 24. Nd4 b6 25. Bxf5 Bxf5 26. Nxf5 Qf7 27. g4 Kh8
28. Rb4 Qe6 29. Re1 Rad8 30. Nd4 Qh6 31. f5 a5 32. Ne6 Nxe6 33. fxe6 Rxf3 34.
Qg2 Rxh3+ 35. Qxh3 Qxh3+ 36. Kxh3 axb4 37. axb4 Re8 38. Rc1 Kg8 39. Rc6 b5 40.
Kg3 g5 41. Rd6 d4 42. Rxd4 Rxe6 43. Rd5 Rb6 44. Kf3 Kf7 45. Ke4 Ke6 46. Rc5 h6
47. Kd4 Kf7 48. Kd5 Ke7 49. Rc7+ Kd8 50. Rh7 Ra6 51. e6 Ra1 52. Rxh6 Rg1 53.
Kd6 Rd1+ 54. Ke5 Rb1 55. Kf6 Rf1+ 56. Ke5 Rb1 57. Kd6 Rd1+ 58. Kc6 Rg1 59. Kxb5
Rxg4 60. Kc5 Rg1 61. Kd6 Rd1+ 62. Ke5 Rf1 63. Rg6 Rf4 64. Kd6 Rd4+ 65. Kc5 Re4
66. b5 Re1 67. Kd6 Rd1+ 68. Kc6 Rc1+ 69. Kb6 Ke7 70. Kb7 Rb1 71. b6 g4 72. Rxg4
Kxe6 73. Rd4 Ke7 74. Kc7 Rc1+ 75. Kb8 Ke8 76. Ra4 1-0

[Event "Politiken Cup 2008"]
[Site "Helsingør DEN"]
[Date "2008.07.20"]
[Round "2.76"]
[White "Jogvansson, Hjalti Toftum"]
[Black "Brondum, Eric"]
[Result "0-1"]
[WhiteElo "1750"]
[BlackElo "2126"]
[PlyCount "74"]
[EventDate "2008.07.20"]
[EventType "swiss"]
[EventRounds "9"]
[EventCountry "DEN"]
[Source "lmi"]
[SourceDate "2008.07.20"]
[WhiteTeam "Havnar Telvingarfelag"]
[BlackTeam "K41"]

1. d4 Nf6 2. Nf3 g6 3. Bf4 Bg7 4. e3 O-O 5. Bd3 d6 6. h3 c5 7. c3 Nc6 8. O-O
Re8 9. Bc2 cxd4 10. exd4 Qa5 11. Nbd2 h6 12. Nc4 Qh5 13. Re1 Bd7 14. Bg3 Rac8
15. Bb3 b5 16. Ncd2 Na5 17. Bc2 Nc4 18. Nxc4 bxc4 19. Ba4 Rb8 20. Bxd7 Nxd7 21.
Qa4 Nb6 22. Qxa7 Nd5 23. Qa4 Rec8 24. Qc2 f5 25. Qe2 f4 26. Bh4 Kh7 27. Qe4
Rxb2 28. g4 fxg3 29. fxg3 Nxc3 30. Qe3 Nd5 31. Qc1 Qxf3 32. Qxb2 g5 33. Qb7
gxh4 34. Rxe7 Qxg3+ 35. Kf1 Qf3+ 36. Kg1 Qg3+ 37. Kf1 Nxe7 0-1

[Event "Politiken Cup 2008"]
[Site "Helsingør DEN"]
[Date "2008.07.20"]
[Round "2.77"]
[White "Kragh, Niels Kristian"]
[Black "Kobberberg, Steen"]
[Result "1-0"]
[WhiteElo "2112"]
[BlackElo "1710"]
[PlyCount "51"]
[EventDate "2008.07.20"]
[EventType "swiss"]
[EventRounds "9"]
[EventCountry "DEN"]
[Source "lmi"]
[SourceDate "2008.07.20"]
[WhiteTeam "K41"]
[BlackTeam "Frederiksværk"]

1. e4 e5 2. Nf3 Nc6 3. d4 exd4 4. Nxd4 Nxd4 5. Qxd4 d6 6. Be3 Bd7 7. Nc3 Nf6 8.
f3 Bc6 9. O-O-O Be7 10. g4 O-O 11. h4 Nd7 12. g5 Re8 13. f4 Bf8 14. Bc4 Nc5 15.
g6 hxg6 16. h5 gxh5 17. Rxh5 Ne6 18. Rdh1 f6 19. f5 Bd7 20. fxe6 Bxe6 21. Bxe6+
Rxe6 22. Qd5 Qc8 23. Rh8+ Kf7 24. Qh5+ g6 25. Qh7+ Ke8 26. Rxf8+ 1-0

[Event "Politiken Cup 2008"]
[Site "Helsingør DEN"]
[Date "2008.07.20"]
[Round "2.79"]
[White "Lynge, Torben"]
[Black "Tsiolakidis, Anastasios"]
[Result "0-1"]
[WhiteElo "1864"]
[BlackElo "2365"]
[PlyCount "80"]
[EventDate "2008.07.20"]
[EventType "swiss"]
[EventRounds "9"]
[EventCountry "DEN"]
[Source "lmi"]
[SourceDate "2008.07.20"]
[WhiteTeam "LVS"]

1. e4 c5 2. Bc4 e6 3. Nc3 Nc6 4. Nf3 a6 5. a3 Nf6 6. d3 d5 7. exd5 exd5 8. Ba2
Be7 9. h3 O-O 10. Bg5 Be6 11. O-O h6 12. Bh4 Re8 13. Ne2 Nh5 14. Bxe7 Rxe7 15.
Qd2 Qd6 16. Rad1 Rae8 17. g4 Nf6 18. Nf4 Ne5 19. Nxe5 Qxe5 20. Nxe6 Rxe6 21. c3
b5 22. d4 cxd4 23. Qxd4 Qxd4 24. Rxd4 Re2 25. Bxd5 Nxd5 26. Rxd5 Rxb2 27. Rd6
Re6 28. Rfd1 Rb3 29. Rxe6 fxe6 30. Rd6 Rxa3 31. Rxe6 Rxc3 32. Rxa6 Rxh3 33. Kg2
Rb3 34. Rb6 Kf7 35. Kf1 Rb2 36. Kg2 b4 37. Kf3 b3 38. Ke3 Rb1 39. f3 b2 40. Kf2
Rh1 0-1

[Event "Politiken Cup 2008"]
[Site "Helsingør DEN"]
[Date "2008.07.20"]
[Round "2.80"]
[White "Hildenstein, Bernd"]
[Black "Kulago, Alexander"]
[Result "0-1"]
[WhiteElo "1856"]
[BlackElo "2305"]
[PlyCount "68"]
[EventDate "2008.07.20"]
[EventType "swiss"]
[EventRounds "9"]
[EventCountry "DEN"]
[Source "lmi"]
[SourceDate "2008.07.20"]
[WhiteTeam "SC Grunbach"]

1. e4 e5 2. Nf3 Nc6 3. Bb5 g6 4. O-O Bg7 5. c3 Nge7 6. d4 exd4 7. cxd4 d5 8. e5
h6 9. h3 O-O 10. Nc3 Be6 11. Be3 Kh7 12. Rc1 f6 13. exf6 Bxf6 14. Re1 Bf5 15.
Qd2 Bg7 16. Ne2 Bxh3 17. Nf4 Bf5 18. g3 a6 19. Ba4 Be4 20. Ne6 Qd7 21. Nxf8+
Rxf8 22. Ng5+ hxg5 23. f4 Qh3 24. Qh2 Qxh2+ 25. Kxh2 Rh8 26. Kg1 Kg8 27. fxg5
Rh1+ 28. Kf2 Rh2+ 29. Kf1 Nf5 30. Bf2 Bf3 31. Bxc6 bxc6 32. Rxc6 Rh1+ 33. Bg1
Bxd4 34. Rxg6+ Kh7 0-1

[Event "Politiken Cup 2008"]
[Site "Helsingør DEN"]
[Date "2008.07.20"]
[Round "2.81"]
[White "Bach, Matthias"]
[Black "Bandke, Martin"]
[Result "1/2-1/2"]
[WhiteElo "2272"]
[BlackElo "1835"]
[PlyCount "147"]
[EventDate "2008.07.20"]
[EventType "swiss"]
[EventRounds "9"]
[EventCountry "DEN"]
[Source "lmi"]
[SourceDate "2008.07.20"]
[WhiteTeam "Hsk V 1830"]
[BlackTeam "SC Leinfelden"]

1. d4 Nf6 2. c4 e6 3. g3 d5 4. Nf3 c6 5. Bg2 Be7 6. O-O O-O 7. b3 Nbd7 8. Qd3
b6 9. Nc3 Bb7 10. Bb2 c5 11. cxd5 cxd4 12. Qxd4 Bc5 13. Qf4 Nxd5 14. Nxd5 exd5
15. Nh4 f6 16. Rad1 g5 17. Qg4 Ne5 18. Qe6+ Kg7 19. Bxe5 Re8 20. Bxf6+ Qxf6 21.
Nf5+ Kg6 22. Qxf6+ Kxf6 23. Ne3 Kg6 24. Bxd5 Bxd5 25. Rxd5 Bxe3 26. fxe3 Rxe3
27. Rd6+ Kg7 28. Rf2 Rae8 29. Rd7+ R8e7 30. Rxe7+ Rxe7 31. Kf1 Re5 32. Ke1 Kg6
33. Rf3 Ra5 34. a4 b5 35. axb5 Rxb5 36. h3 a5 37. Kd2 h5 38. Rd3 h4 39. g4 Kf6
40. Re3 Rb4 41. Kc3 Rb5 42. Re4 Kf7 43. Kb2 Kf6 44. Ka3 Rd5 45. Ka4 Rc5 46. Re8
Rc3 47. Rf8+ Kg6 48. Rf3 Rc5 49. e4 Re5 50. Rc3 Kf6 51. Rc6+ Kf7 52. Rc4 Kf6
53. Ka3 Rb5 54. Rc3 Re5 55. Rc6+ Kf7 56. Rc4 Kf6 57. Rd4 Ke6 58. Ka4 Kf6 59.
Rd6+ Kf7 60. Rd5 Rxe4+ 61. Kxa5 Re3 62. b4 Ra3+ 63. Kb6 Kf6 64. Rd6+ Ke5 65.
Rg6 Kf4 66. Rf6+ Kg3 67. Rf5 Kxh3 68. Rxg5 Rg3 69. b5 Rxg4 70. Rh5 Kg2 71. Kc5
h3 72. b6 h2 73. b7 Rg8 74. Kc6 1/2-1/2

[Event "Politiken Cup 2008"]
[Site "Helsingør DEN"]
[Date "2008.07.20"]
[Round "2.84"]
[White "Kaaber, Jacob"]
[Black "Nielsen, Kai Gylling"]
[Result "0-1"]
[WhiteElo "2206"]
[BlackElo "1829"]
[PlyCount "58"]
[EventDate "2008.07.20"]
[EventType "swiss"]
[EventRounds "9"]
[EventCountry "DEN"]
[Source "lmi"]
[SourceDate "2008.07.20"]
[WhiteTeam "Køge"]
[BlackTeam "Roskilde"]

1. e4 c5 2. Nf3 d6 3. d4 cxd4 4. Nxd4 Nf6 5. Nc3 g6 6. Be3 Bg7 7. f3 a6 8. Bc4
Nc6 9. Qd2 Nxd4 10. Bxd4 Qc7 11. Bb3 O-O 12. O-O-O b5 13. g4 b4 14. Nd5 Nxd5
15. Bxg7 Kxg7 16. Bxd5 Rb8 17. h4 h6 18. g5 h5 19. f4 Bg4 20. Rdf1 e6 21. Bb3
Qc5 22. Rhg1 Rfd8 23. Rxg4 hxg4 24. f5 exf5 25. exf5 gxf5 26. Qd3 Re8 27. Bxf7
Re5 28. Bc4 Rbe8 29. Kd2 Re4 0-1

[Event "Politiken Cup 2008"]
[Site "Helsingør DEN"]
[Date "2008.07.20"]
[Round "2.85"]
[White "Schnabel, Andreas"]
[Black "Ryberg, Denis"]
[Result "1-0"]
[WhiteElo "2153"]
[BlackElo "1814"]
[PlyCount "41"]
[EventDate "2008.07.20"]
[EventType "swiss"]
[EventRounds "9"]
[EventCountry "DEN"]
[Source "lmi"]
[SourceDate "2008.07.20"]
[WhiteTeam "SC Grunbach"]
[BlackTeam "Taastrup"]

1. d4 Nf6 2. c4 e6 3. Nf3 b6 4. g3 Bb7 5. Bg2 c5 6. d5 exd5 7. Nh4 g6 8. cxd5
d6 9. Nc3 Bg7 10. O-O O-O 11. Re1 Re8 12. e4 Na6 13. Bg5 Re5 14. f4 Re8 15. e5
h6 16. Bxf6 Bxf6 17. exf6 Qxf6 18. Qd2 g5 19. fxg5 hxg5 20. Nf3 g4 21. Nh4 1-0

[Event "Politiken Cup 2008"]
[Site "Helsingør DEN"]
[Date "2008.07.20"]
[Round "2.87"]
[White "Andersen, Guttorm"]
[Black "Nielsen, Torkil"]
[Result "0-1"]
[WhiteElo "1830"]
[BlackElo "2118"]
[PlyCount "100"]
[EventDate "2008.07.20"]
[EventType "swiss"]
[EventRounds "9"]
[EventCountry "DEN"]
[Source "lmi"]
[SourceDate "2008.07.20"]
[WhiteTeam "SK Stjernen"]
[BlackTeam "Sandavags Talvfelag"]

1. d4 f5 2. Nc3 Nf6 3. e3 e6 4. Bd3 Bb4 5. a3 Bxc3+ 6. bxc3 O-O 7. Nf3 b6 8.
O-O Bb7 9. Qe2 Qe8 10. Nd2 Qg6 11. f3 d5 12. a4 c5 13. dxc5 bxc5 14. Ba3 c4 15.
Bxf8 cxd3 16. cxd3 Kxf8 17. e4 Ba6 18. e5 Nfd7 19. Qe3 Nc6 20. f4 Qe8 21. c4 d4
22. Qf3 Nc5 23. Rab1 Nxa4 24. g4 Nc3 25. Rb3 fxg4 26. Qxg4 Qg6 27. Qxg6 hxg6
28. Nb1 Nxb1 29. Rfxb1 Ke7 30. Kf2 Rf8 31. Kg3 g5 32. Rf1 Rf5 33. Rf2 gxf4+ 34.
Rxf4 Rxe5 35. Ra3 Bb7 36. Rb3 Ba6 37. Ra3 Re3+ 38. Rf3 Rxf3+ 39. Kxf3 Bb7 40.
Kf4 Kf6 41. Rb3 Ba8 42. h4 Ne5 43. Ra3 Bg2 44. Rxa7 Nxd3+ 45. Kg3 Be4 46. Ra5
Nb2 47. Ra2 Nxc4 48. Ra4 Bd5 49. Kf2 d3 50. Rb4 d2 0-1

[Event "Politiken Cup 2008"]
[Site "Helsingør DEN"]
[Date "2008.07.20"]
[Round "2.88"]
[White "Preuss, Flemming"]
[Black "Jessen, Ernst J"]
[Result "1-0"]
[WhiteElo "2059"]
[BlackElo "1810"]
[PlyCount "81"]
[EventDate "2008.07.20"]
[EventType "swiss"]
[EventRounds "9"]
[EventCountry "DEN"]
[Source "lmi"]
[SourceDate "2008.07.20"]
[WhiteTeam "Næstved"]
[BlackTeam "Gråsten"]

1. e4 e6 2. d4 d5 3. e5 c5 4. c3 Nc6 5. Nf3 cxd4 6. cxd4 Bd7 7. Bd3 Qb6 8. O-O
Nxd4 9. Nbd2 Ne7 10. Nxd4 Qxd4 11. Nf3 Qb6 12. Be3 Qd8 13. b4 Nf5 14. Qb3 Nxe3
15. fxe3 Qb6 16. b5 Bc5 17. a4 Bxe3+ 18. Kh1 Bh6 19. Rad1 O-O 20. Qb4 Rac8 21.
Qh4 Qd8 22. Qh5 f5 23. g4 fxg4 24. Qxg4 Qe7 25. Rg1 Rc3 26. Rg3 Kh8 27. Rh3 Rf4
28. Qg3 Qf8 29. Ng5 Rf5 30. Nxh7 Kxh7 31. Bxf5+ exf5 32. Qxc3 f4 33. Qd3+ Bf5
34. Rxh6+ Kxh6 35. Qxd5 Qb4 36. Qd6+ Qxd6 37. exd6 f3 38. d7 f2 39. Kg2 f1=Q+
40. Kxf1 Bxd7 41. Rxd7 1-0

[Event "Politiken Cup 2008"]
[Site "Helsingør DEN"]
[Date "2008.07.20"]
[Round "2.91"]
[White "Wimo, Jorgen"]
[Black "Hobber, Anders"]
[Result "1/2-1/2"]
[WhiteElo "1809"]
[BlackElo "2012"]
[PlyCount "45"]
[EventDate "2008.07.20"]
[EventType "swiss"]
[EventRounds "9"]
[EventCountry "DEN"]
[Source "lmi"]
[SourceDate "2008.07.20"]
[WhiteTeam "Ålsgårde"]
[BlackTeam "Porsgrunn"]

1. e4 e6 2. d4 d5 3. exd5 exd5 4. Bd3 Nc6 5. c3 Bd6 6. Nf3 Bg4 7. Qe2+ Qe7 8.
Qxe7+ Ngxe7 9. Nbd2 f6 10. h3 Bf5 11. Bxf5 Nxf5 12. Nf1 O-O-O 13. Ne3 Rhe8 14.
O-O Nxe3 15. Bxe3 Ne7 16. Rfe1 g5 17. g4 Ng6 18. Rab1 Re7 19. Bd2 Rde8 20. Rxe7
Rxe7 21. Re1 Rxe1+ 22. Nxe1 Bf4 23. Bxf4 1/2-1/2

[Event "Politiken Cup 2008"]
[Site "Helsingør DEN"]
[Date "2008.07.20"]
[Round "2.92"]
[White "Klein, Gernot Dr"]
[Black "Christensen, Casper"]
[Result "0-1"]
[WhiteElo "2011"]
[BlackElo "1795"]
[PlyCount "112"]
[EventDate "2008.07.20"]
[EventType "swiss"]
[EventRounds "9"]
[EventCountry "DEN"]
[Source "lmi"]
[SourceDate "2008.07.20"]
[WhiteTeam "Post Telekom Aachen"]
[BlackTeam "Skovbo"]

1. e4 c5 2. Nf3 a6 3. c3 Nc6 4. d4 e6 5. d5 exd5 6. exd5 Nce7 7. c4 d6 8. Bd3
g6 9. O-O Bg7 10. Re1 Nf6 11. Nc3 O-O 12. Bc2 Re8 13. Bg5 Rb8 14. a4 Qb6 15.
Rb1 Bf5 16. h3 Bxc2 17. Qxc2 Nf5 18. g4 Nd4 19. Nxd4 cxd4 20. Bxf6 Bxf6 21. Ne4
Bg7 22. Qd3 Rbc8 23. b3 Qb4 24. Re2 Rb8 25. Rbe1 Red8 26. f4 b5 27. axb5 axb5
28. Ng5 bxc4 29. bxc4 Qa4 30. Re7 Rf8 31. Ne4 Rb3 32. Qf1 Qa3 33. Ra1 Qb4 34.
Rd1 Qb6 35. Kg2 Re3 36. Re1 Rb3 37. Nd2 Rb2 38. Qd3 Qb4 39. R7e2 Ra8 40. Re8+
Rxe8 41. Rxe8+ Bf8 42. Re2 Qc3 43. Qe4 Rxd2 44. Rxd2 Qxd2+ 45. Kg1 Qc1+ 46. Kg2
Qxc4 47. f5 Qa2+ 48. Kg3 Qb3+ 49. Kh4 g5+ 50. Kxg5 Qxh3 51. Kf4 Bh6+ 52. g5
Bxg5+ 53. Kxg5 Qe3+ 54. Qf4 f6+ 55. Kh5 Qh3+ 56. Qh4 Qxf5+ 0-1

[Event "Politiken Cup 2008"]
[Site "Helsingør DEN"]
[Date "2008.07.20"]
[Round "2.94"]
[White "Jensen, Ib"]
[Black "Larsen, Finn"]
[Result "1-0"]
[WhiteElo "2005"]
[BlackElo "1776"]
[PlyCount "37"]
[EventDate "2008.07.20"]
[EventType "swiss"]
[EventRounds "9"]
[EventCountry "DEN"]
[Source "lmi"]
[SourceDate "2008.07.20"]
[WhiteTeam "Helsingør"]
[BlackTeam "Frederikssund"]

1. d4 Nf6 2. Nf3 d5 3. Bf4 e6 4. e3 Bd6 5. Bg3 O-O 6. Bd3 c5 7. c3 Nc6 8. Nbd2
cxd4 9. exd4 Re8 10. Ne5 Qc7 11. f4 Ne7 12. Ndf3 Ne4 13. Bxe4 dxe4 14. Ng5 Bxe5
15. Qh5 Ng6 16. Qxh7+ Kf8 17. fxe5 Ne7 18. Qh8+ Ng8 19. O-O 1-0

[Event "Politiken Cup 2008"]
[Site "Helsingør DEN"]
[Date "2008.07.20"]
[Round "2.95"]
[White "Krueger, Bernhard"]
[Black "Knudsen, Jes West"]
[Result "0-1"]
[WhiteElo "1761"]
[BlackElo "2003"]
[PlyCount "98"]
[EventDate "2008.07.20"]
[EventType "swiss"]
[EventRounds "9"]
[EventCountry "DEN"]
[Source "lmi"]
[SourceDate "2008.07.20"]
[WhiteTeam "SC Grunbach"]
[BlackTeam "Helsinge"]

1. d4 f5 2. Nf3 Nf6 3. e3 d6 4. c4 g6 5. Nc3 Bg7 6. Bd3 Nc6 7. Bc2 O-O 8. O-O
e5 9. dxe5 dxe5 10. Ba4 e4 11. Bxc6 Qxd1 12. Rxd1 bxc6 13. Nd4 c5 14. Nde2 Be6
15. b3 Rfd8 16. Ba3 Bf8 17. Nf4 Bf7 18. h3 c6 19. Na4 g5 20. Ne2 Bh5 21. Kf1
Nd7 22. Bb2 Be7 23. Ke1 Kf7 24. Rd2 Nb6 25. Rxd8 Rxd8 26. Nac3 Rb8 27. Ba3 Nd7
28. Ng3 Bf6 29. Rc1 Bg6 30. Nce2 Ne5 31. Rd1 Nd3+ 32. Kf1 f4 33. exf4 gxf4 34.
Nxf4 Nxf4 35. Bxc5 Nd3 36. Be3 Be5 37. Ne2 c5 38. g3 Rb7 39. Kg2 Ke8 40. Rf1
Rf7 41. g4 Bf4 42. Nxf4 Nxf4+ 43. Kg3 Nd3 44. h4 Rf3+ 45. Kg2 h5 46. gxh5 Bxh5
47. Rg1 Rf5 48. Kf1 Nxf2 49. Rg5 Nd1+ 0-1

[Event "Politiken Cup 2008"]
[Site "Helsingør DEN"]
[Date "2008.07.20"]
[Round "2.96"]
[White "Svanholm, Borge Waaktaar"]
[Black "Hansen, Herborg"]
[Result "1/2-1/2"]
[WhiteElo "2003"]
[BlackElo "1751"]
[PlyCount "114"]
[EventDate "2008.07.20"]
[EventType "swiss"]
[EventRounds "9"]
[EventCountry "DEN"]
[Source "lmi"]
[SourceDate "2008.07.20"]
[WhiteTeam "SK Stjernen"]
[BlackTeam "Klaksvikar"]

1. c4 e5 2. Nc3 d6 3. Nf3 f5 4. d4 Nc6 5. d5 Nce7 6. e4 g6 7. g3 Bg7 8. Bg2 Nf6
9. exf5 Nxf5 10. O-O O-O 11. h3 c5 12. dxc6 bxc6 13. g4 Ne7 14. c5 Nfd5 15.
Nxd5 cxd5 16. cxd6 Qxd6 17. Bg5 Nc6 18. Rb1 Be6 19. a3 Rac8 20. b4 d4 21. Nd2
Qd7 22. Ne4 Bc4 23. Re1 d3 24. Nc5 Qf7 25. Be3 d2 26. Qxd2 Rcd8 27. Qc2 Nd4 28.
Bxd4 exd4 29. Rbc1 d3 30. Qd2 Bd4 31. Re4 Bxf2+ 32. Kh1 Bd5 33. Qxd3 Bxe4 34.
Qxe4 Rfe8 35. Qc2 Be3 36. Rd1 Rxd1+ 37. Qxd1 Bf2 38. Qd5 Re1+ 39. Kh2 Bg1+ 40.
Kg3 Re3+ 41. Kh4 Bf2+ 42. Kg5 Qxd5+ 43. Bxd5+ Kh8 44. Bg2 Rxa3 45. h4 Ra2 46.
Be4 Be3+ 47. Kf6 Rh2 48. h5 gxh5 49. gxh5 Bxc5 50. bxc5 Rxh5 51. c6 Rc5 52. Ke6
a5 53. Kd6 Rc1 54. c7 Rxc7 55. Kxc7 a4 56. Kd6 a3 57. Bb1 Kg7 1/2-1/2

[Event "Politiken Cup 2008"]
[Site "Helsingør DEN"]
[Date "2008.07.20"]
[Round "2.97"]
[White "Mæchel, Michael"]
[Black "Hansen, Rene Rauer"]
[Result "1/2-1/2"]
[WhiteElo "1743"]
[BlackElo "2001"]
[PlyCount "49"]
[EventDate "2008.07.20"]
[EventType "swiss"]
[EventRounds "9"]
[EventCountry "DEN"]
[Source "lmi"]
[SourceDate "2008.07.20"]
[WhiteTeam "Ålsgårde"]
[BlackTeam "Læseforeningen"]

1. e4 c5 2. Nf3 d6 3. d4 cxd4 4. Nxd4 Nf6 5. Nc3 a6 6. Bg5 e6 7. Bc4 b5 8. Bb3
Be7 9. a3 O-O 10. O-O Qc7 11. Qf3 Nc6 12. Nxc6 Qxc6 13. Rad1 Bb7 14. Rfe1 a5
15. Qd3 b4 16. Ba4 Qc5 17. Be3 Qh5 18. Qb5 Qxb5 19. Nxb5 bxa3 20. Nxd6 Bxd6 21.
Rxd6 axb2 22. f3 Rab8 23. Rb6 Bxe4 24. Rb1 Rxb6 25. Bxb6 1/2-1/2

[Event "Politiken Cup 2008"]
[Site "Helsingør DEN"]
[Date "2008.07.20"]
[Round "2.98"]
[White "Noer, Martin Stampe"]
[Black "Pallesen, Jorn"]
[Result "1-0"]
[WhiteElo "2000"]
[BlackElo "1696"]
[PlyCount "112"]
[EventDate "2008.07.20"]
[EventType "swiss"]
[EventRounds "9"]
[EventCountry "DEN"]
[Source "lmi"]
[SourceDate "2008.07.20"]
[WhiteTeam "Nordkalotten"]
[BlackTeam "Frem"]

1. d4 Nf6 2. Bg5 h6 3. Bxf6 exf6 4. e3 c6 5. c4 d5 6. cxd5 cxd5 7. Nc3 Be6 8.
Qb3 Qd7 9. g3 Nc6 10. Rc1 Be7 11. Nge2 g5 12. Bg2 Rd8 13. O-O O-O 14. a3 Na5
15. Qa2 Nc4 16. Rfd1 Nb6 17. Qb3 Rc8 18. Qb5 Rfd8 19. Qxd7 Rxd7 20. Nb5 Rxc1
21. Rxc1 Nc4 22. Rc2 a6 23. Nbc3 b5 24. e4 dxe4 25. Bxe4 Bg4 26. f3 Bh5 27. Kf2
Bg6 28. Nd1 Bxe4 29. fxe4 Nd6 30. Kf3 f5 31. e5 Nc4 32. Ne3 Nxe3 33. Kxe3 Kg7
34. Rc6 a5 35. Ra6 a4 36. Rb6 b4 37. axb4 Ra7 38. Nc3 a3 39. bxa3 Rxa3 40. Kd2
g4 41. d5 Bg5+ 42. Kd3 f4 43. gxf4 Bxf4 44. d6 Bxe5 45. Rc6 Kf8 46. Rc8+ Kg7
47. d7 Bxc3 48. Rxc3 Ra1 49. Kd2 Ra2+ 50. Rc2 Ra8 51. Rc8 Ra2+ 52. Ke3 Rxh2 53.
d8=Q Rh3+ 54. Kf4 g3 55. Qh8+ Kg6 56. Rg8+ Kh5 1-0

[Event "Politiken Cup 2008"]
[Site "Helsingør DEN"]
[Date "2008.07.20"]
[Round "2.99"]
[White "Nielsen, Jimmy Osted"]
[Black "Sondergaard, Thomas"]
[Result "1-0"]
[WhiteElo "1705"]
[BlackElo "1998"]
[PlyCount "59"]
[EventDate "2008.07.20"]
[EventType "swiss"]
[EventRounds "9"]
[EventCountry "DEN"]
[Source "lmi"]
[SourceDate "2008.07.20"]
[WhiteTeam "K41"]
[BlackTeam "Ålborg"]

1. d4 Nf6 2. c4 g6 3. Nc3 Bg7 4. e4 d6 5. f3 Nbd7 6. Be3 O-O 7. Qd2 e5 8. d5 a5
9. h4 h5 10. Bd3 Nc5 11. Bc2 Nfd7 12. Qf2 f5 13. Bg5 Nf6 14. exf5 gxf5 15.
O-O-O Kh8 16. Nge2 Qe8 17. Ng3 Ng8 18. Qe2 Nh6 19. Rde1 Bd7 20. Qd2 Qg6 21.
Nge2 Nf7 22. g4 Nh6 23. gxh5 Qxh5 24. Ng3 Qg6 25. h5 Qh7 26. Kb1 Nf7 27. h6 Kg8
28. hxg7 Qxg7 29. Nh5 Qg6 30. Nf6+ 1-0

[Event "Politiken Cup 2008"]
[Site "Helsingør DEN"]
[Date "2008.07.20"]
[Round "2.100"]
[White "Hollesen, Kurt"]
[Black "Stockhaug, Jon Arne"]
[Result "1-0"]
[WhiteElo "1996"]
[BlackElo "1682"]
[PlyCount "125"]
[EventDate "2008.07.20"]
[EventType "swiss"]
[EventRounds "9"]
[EventCountry "DEN"]
[Source "lmi"]
[SourceDate "2008.07.20"]
[WhiteTeam "K41"]
[BlackTeam "Stjordal"]

1. c4 c6 2. e4 d5 3. exd5 cxd5 4. d4 Nf6 5. Nc3 g6 6. Nf3 Bg7 7. Qb3 dxc4 8.
Bxc4 O-O 9. Ne5 e6 10. Be3 Nc6 11. Nxc6 bxc6 12. O-O Qc7 13. Be2 Bb7 14. Rac1
Qd7 15. Bf3 Nd5 16. Ne4 Rab8 17. Nc5 Qc7 18. Bxd5 exd5 19. Qc3 Rbc8 20. b4 Rfe8
21. Rc2 Qb6 22. Qa3 Ba8 23. Rfc1 Rb8 24. Rb1 Re7 25. Qc3 a5 26. a3 axb4 27.
Rxb4 Qa7 28. Rxb8+ Qxb8 29. Rb2 Qa7 30. g3 Re8 31. Qb3 h5 32. a4 Qa5 33. Qb4
Qxb4 34. Rxb4 Bf8 35. a5 Bxc5 36. dxc5 Kf8 37. a6 Re4 38. Rb8+ Re8 39. a7 Ke7
40. Kg2 Kd7 41. Kf3 Rd8 42. Kf4 Kc7 43. Ke5 Rxb8 44. axb8=Q+ Kxb8 45. Kf6 Bb7
46. Kxf7 Ba6 47. Kxg6 Be2 48. f4 Kc7 49. f5 Bd3 50. Kxh5 Bxf5 51. g4 Be4 52.
Kg5 Kd7 53. Kf6 Ke8 54. Bd4 Kf8 55. h4 Kg8 56. h5 Bf3 57. Kg5 Kf7 58. Kh4 Ke6
59. g5 Be4 60. g6 Bf5 61. Kg5 Be4 62. h6 Bxg6 63. Kxg6 1-0

[Event "Politiken Cup 2008"]
[Site "Helsingør DEN"]
[Date "2008.07.20"]
[Round "2.102"]
[White "Nordin, Eric"]
[Black "Hjornevik, Knut Jarle"]
[Result "1/2-1/2"]
[WhiteElo "1991"]
[BlackElo "1645"]
[PlyCount "31"]
[EventDate "2008.07.20"]
[EventType "swiss"]
[EventRounds "9"]
[EventCountry "DEN"]
[Source "lmi"]
[SourceDate "2008.07.20"]
[WhiteTeam "Åstorp"]
[BlackTeam "Sandness"]

1. e4 c5 2. Nf3 d6 3. d4 cxd4 4. Qxd4 a6 5. Nc3 Nc6 6. Qd1 g6 7. Bc4 Bg7 8. O-O
Nf6 9. Be3 Bg4 10. h3 Bxf3 11. Qxf3 Ne5 12. Qe2 Nxc4 13. Qxc4 O-O 14. Rad1 Qc8
15. Qxc8 Raxc8 16. Bd4 1/2-1/2

[Event "Politiken Cup 2008"]
[Site "Helsingør DEN"]
[Date "2008.07.20"]
[Round "2.103"]
[White "Jorgensen, Orla Eilegaard"]
[Black "Petersen, Martin Reib"]
[Result "0-1"]
[WhiteElo "1678"]
[BlackElo "1987"]
[PlyCount "46"]
[EventDate "2008.07.20"]
[EventType "swiss"]
[EventRounds "9"]
[EventCountry "DEN"]
[Source "lmi"]
[SourceDate "2008.07.20"]
[WhiteTeam "Odysseus"]
[BlackTeam "Øbro"]

1. e4 c6 2. d4 d5 3. exd5 cxd5 4. c4 Nf6 5. Nc3 Nc6 6. Nf3 e6 7. cxd5 Nxd5 8.
Bb5 Nxc3 9. Bxc6+ bxc6 10. bxc3 Ba6 11. Qc2 Qd5 12. Qb3 Qe4+ 13. Be3 Qd3 14.
Qb2 Ba3 15. Qd2 Qe4 16. Qd1 Bb2 17. Rc1 Bxc1 18. Qxc1 Rb8 19. Nd2 Qxg2 20. Rf1
Bxf1 21. Nxf1 O-O 22. Bf4 Qe4+ 23. Kd1 Rb1 0-1

[Event "Politiken Cup 2008"]
[Site "Helsingør DEN"]
[Date "2008.07.20"]
[Round "2.105"]
[White "Næsborg, Jens Olav"]
[Black "Jorgensen, Arne Bjorn"]
[Result "0-1"]
[WhiteElo "1668"]
[BlackElo "1984"]
[PlyCount "104"]
[EventDate "2008.07.20"]
[EventType "swiss"]
[EventRounds "9"]
[EventCountry "DEN"]
[Source "lmi"]
[SourceDate "2008.07.20"]
[WhiteTeam "Torshavn"]
[BlackTeam "Rudersdal"]

1. e4 e6 2. Nf3 d5 3. e5 c5 4. b4 cxb4 5. d4 Nc6 6. a3 Bd7 7. axb4 Bxb4+ 8. c3
Be7 9. Bd3 a6 10. O-O Na5 11. Na3 Rc8 12. Qc2 g6 13. Nb1 Nc4 14. Nbd2 Bb5 15.
Nxc4 Bxc4 16. Bxc4 Rxc4 17. Nd2 Rc6 18. Nb3 Qc8 19. Bd2 h5 20. Rfb1 b5 21. Qd3
Kf8 22. Nc1 Kg7 23. Ne2 Nh6 24. f3 Qd8 25. Ra2 Qc7 26. h3 h4 27. Rba1 Ra8 28.
Qe3 Nf5 29. Qf4 Qd8 30. g4 hxg3 31. Nxg3 Qh8 32. Nxf5+ exf5 33. Qg3 Qh5 34. Kg2
Bh4 35. Qh2 g5 36. Rf1 f4 37. Kh1 Bg3 38. Qg2 Rh8 39. Be1 Qxh3+ 40. Qxh3 Rxh3+
41. Kg1 Bxe1 42. Rxe1 Rxf3 43. Rea1 Rfxc3 44. Rxa6 Rxa6 45. Rxa6 Rd3 46. Rb6
Rxd4 47. Rxb5 Kg6 48. Rb6+ Kf5 49. Rf6+ Kxe5 50. Rxf7 Rd2 51. Rg7 Kf5 52. Rf7+
Kg4 0-1